00639 2200253 4500001002100000005001700021008004100038035002400079082001000103090001700113100001200130245005400142250001800196260002700214300002300241500002700264650001400291850001500305980001400320985000600334999001500340999001500355999001500370YOGYA-0209000001199420090227022202.0 ind  0010-020900000011994 a519.5 a519.5bArg A aARGA, W aAnalisa runtun waktu teori &aplikasicoleh W.Arga aEd. 1, cet. 1 aYogyakartabBPFEc1985 avi, 169 hlmc21 cm aBibliografi : hlm. 157 aStatistik aYOPDYOG(B) a1-12-2005 a3 a95P0074268 a95P0074269 a95P0074270